ბათუმის შოთა რუსთაველის სახელმწიფო უნივერსიტეტის ბიბლიოთეკა

The Healing Power of Amind Acids (ბიბ.ჩანაწერი № 47576)

000 -LEADER
fixed length control field 00477nam a2200205Ia 4500
001 - CONTROL NUMBER
control field 14441
003 - CONTROL NUMBER IDENTIFIER
control field GE_BSU
008 - FIXED-LENGTH DATA ELEMENTS--GENERAL INFORMATION
fixed length control field 181216s||||||||xx |||||||||||||| ||und||
020 ## - INTERNATIONAL STANDARD BOOK NUMBER
International Standard Book Number 0722515510
040 ## - CATALOGING SOURCE
Transcribing agency GE_BSU
080 ## - UNIVERSAL DECIMAL CLASSIFICATION NUMBER
Universal Decimal Classification number 615
100 ## - MAIN ENTRY--PERSONAL NAME
Personal name Chaitow,N.D.Leon
245 #4 - TITLE STATEMENT
Title The Healing Power of Amind Acids
260 ## - PUBLICATION, DISTRIBUTION, ETC.
Place of publication, distribution, etc. London
260 ## - PUBLICATION, DISTRIBUTION, ETC.
Date of publication, distribution, etc. 1989
300 ## - PHYSICAL DESCRIPTION
Extent 128p.21cm.
653 ## - INDEX TERM--UNCONTROLLED
Uncontrolled term The Healing Power of Amind Acids
653 ## - INDEX TERM--UNCONTROLLED
Uncontrolled term მედიცინა
942 ## - ADDED ENTRY ELEMENTS (KOHA)
Koha item type წიგნი
ეგზემპლარები
Withdrawn status Lost status Damaged status Not for loan Date acquired Barcode Date last seen Price effective from Koha item type
        2018-12-17 37208 2018-12-17 2018-12-17 წიგნი